书目信息 |
| 题名: |
物理化学
|
|
| 作者: | ;上海中医学院 主编 | |
| 分册: | ||
| 出版信息: | 上海 上海科学技术出版社 1979.02 |
|
| 页数: | 163页 | |
| 开本: | 26cm | |
| 丛书名: | ||
| 单 册: | ||
| 中图分类: | R913 | |
| 科图分类: | ||
| 主题词: | 药物学:基础理论 | |
| 电子资源: | ||
| ISBN: | ||
| 000 | 00641nam0 2200229 45 | |
| 001 | 0405240807 | |
| 005 | 20040524085643.0 | |
| 010 | @dCNY0.91 | |
| 091 | @a13119.757 | |
| 100 | @a20040524d1979 km y0chiy0120 ea | |
| 101 | 0 | @achi |
| 105 | @a z 000yy | |
| 200 | 1 | @a物理化学@AWu Li Hua Xue@f上海中医学院主编@FShang Hai Zhong Yi Xue Yuan Zhu Bian |
| 210 | @a上海@c上海科学技术出版社@d1979.02 | |
| 215 | @a163页@d26cm | |
| 300 | @a全国高等医药院试用教材 | |
| 300 | @a中药专业用 | |
| 606 | 0 | @a药物学:基础理论 |
| 690 | @aR913@v3 | |
| 711 | 02 | @a上海中医学院@4主编 |
| 801 | @aCN@bPftUser@c20040524 | |
| 905 | @f4@b149845-848@dR913@e13 | |
| 物理化学/上海中医学院主编.-上海:上海科学技术出版社,1979.02 |
| 163页;26cm |
| 全国高等医药院试用教材.-中药专业用 |
| ISBN :CNY0.91 |
| ● |
| 相关链接 |
|
|
|
|
正题名:物理化学
索取号:R913/13
 
预约/预借
| 序号 | 登录号 | 条形码 | 馆藏地/架位号 | 状态 | 备注 |
| 1 | 0149845 | 001698176 | 第三借阅区/ [索取号:R913/13] | 在馆 | |
| 2 | 0149846 | 001698121 | 第三借阅区/ [索取号:R913/13] | 在馆 | |
| 3 | 0149847 | 001698087 | 第三借阅区/ [索取号:R913/13] | 在馆 | |
| 4 | 0149848 | 001698130 | 第三借阅区/ [索取号:R913/13] | 在馆 | |
| 5 | 0149849 | 001698112 | 第二样本阅览室/ [索取号:R913/13] | 在馆 |